The profitability of investment in education in Israel. (Record no. 31898)
[ view plain ]
| 000 -LEADER | |
|---|---|
| fixed length control field | 00839cam a22002651 4500 |
| 001 - CONTROL NUMBER | |
| control field | he 66001410 |
| 003 - CONTROL NUMBER IDENTIFIER | |
| control field | DLC |
| 005 - DATE AND TIME OF LATEST TRANSACTION | |
| control field | 20260227111440.0 |
| 008 - FIXED-LENGTH DATA ELEMENTS--GENERAL INFORMATION | |
| fixed length control field | 720323s1966 is b 000 0 eng |
| 010 ## - LIBRARY OF CONGRESS CONTROL NUMBER | |
| LC control number | he 66001410 |
| 025 ## - OVERSEAS ACQUISITION NUMBER | |
| Overseas acquisition number | PL480:Is-3385 |
| 035 ## - SYSTEM CONTROL NUMBER | |
| System control number | (OCoLC)269583 |
| 040 ## - CATALOGING SOURCE | |
| Original cataloging agency | DLC |
| Transcribing agency | OSW |
| Modifying agency | OCoLC |
| -- | DLC |
| 042 ## - AUTHENTICATION CODE | |
| Authentication code | premarc |
| 050 00 - LIBRARY OF CONGRESS CALL NUMBER | |
| Classification number | LA1441 |
| Item number | .K58 |
| 082 ## - DEWEY DECIMAL CLASSIFICATION NUMBER | |
| Classification number | 331.2 |
| 100 2# - MAIN ENTRY--PERSONAL NAME | |
| Personal name | Klinov-Malul, Ruth. |
| 245 14 - TITLE STATEMENT | |
| Title | The profitability of investment in education in Israel. |
| 260 ## - PUBLICATION, DISTRIBUTION, ETC. | |
| Place of publication, distribution, etc. | Jerusalem, |
| Name of publisher, distributor, etc. | Maurice Falk Institute for Economic Research in Israel, |
| Date of publication, distribution, etc. | 1966. |
| 300 ## - PHYSICAL DESCRIPTION | |
| Extent | xiv, 109 p. |
| Dimensions | 25 cm. |
| 500 ## - GENERAL NOTE | |
| General note | Based on the author's doctoral thesis presented to the Hebrew University, Israel. |
| 504 ## - BIBLIOGRAPHY, ETC. NOTE | |
| Bibliography, etc. note | Bibliography: p. 105-107. |
| 650 #0 - SUBJECT ADDED ENTRY--TOPICAL TERM | |
| Topical term or geographic name entry element | Education |
| General subdivision | Economic aspects |
| Geographic subdivision | Israel. |
| 650 #0 - SUBJECT ADDED ENTRY--TOPICAL TERM | |
| Topical term or geographic name entry element | Income |
| Geographic subdivision | Israel. |
No items available.